000 00382nam a2200145Ia 4500
008 220216s9999 xx 000 0 und d
100 _aBuist J M
245 0 _aUse of statistical methods in the planning of road wear tests
260 _bIRI Transactions
_c1950
300 _a288-304
650 _aRoad wear tests
700 _aNewton R G
700 _aThornley E R
942 _cJS
999 _c71961
_d71961